Podnikanie prostredníctvom skupiny podnikov a obsah riadenia holdingu

Združovanie podnikov, ciele. Formy spoločného podnikania a podnikových združení. Holding - pojem, obsah, štruktúra, riadenie holdingu.

Saved in:
Bibliographic Details
Main Author: Harumová, Anna, 1955-
Format: Book Chapter
Language:Slovak
Subjects:
Tags: Add Tag
No Tags, Be the first to tag this record!

MARC

LEADER 00000naa$a2200000$$$4500
001 0096105
005 20240502072051.8
041 0 |a slo 
044 |a SK 
245 1 0 |a Podnikanie prostredníctvom skupiny podnikov a obsah riadenia holdingu  |c Anna Harumová 
520 |a Združovanie podnikov, ciele. Formy spoločného podnikania a podnikových združení. Holding - pojem, obsah, štruktúra, riadenie holdingu. 
610 2 0 |a združenia podnikov 
610 2 0 |a holding 
610 2 0 |a pojmy 
610 2 0 |a riadenie 
100 1 |a Harumová, Anna, 1955-